|
|
|
|
| LEADER |
00000nab a2200000 a 4500 |
| 001 |
vtls008952433 |
| 003 |
SK-MaSNL |
| 005 |
20260304145710.0 |
| 008 |
250505c2006 xo |||||||||||000 b|slo |
| 015 |
|
|
|a SNBRB2007/03
|2 snkbucl
|
| 035 |
|
|
|a (uuid)c3a8ab71-8244-4d19-81cd-da091f4c0ee3
|
| 035 |
|
|
|a urn:nbn:sk:snk-abzil
|
| 035 |
|
|
|a (urnnbn)urn:nbn:sk:snk:ar-a05cjt
|
| 038 |
|
|
|a SNKBUCL
|
| 040 |
|
|
|a SNKBUCL
|b slo
|c SNKBUCL
|e AACR2
|
| 041 |
0 |
|
|a slo
|
| 044 |
|
|
|a xo
|c SK
|
| 080 |
|
|
|a 004.42CD-ROM Emulator
|2 1997
|
| 080 |
|
|
|a 004.9:004.355.085.057.7
|2 1997
|
| 080 |
|
|
|a 004.057.7
|2 1997
|
| 080 |
|
|
|a 004.355.085.057.7
|2 1997
|
| 100 |
1 |
|
|a Reiter, Michal
|4 aut
|9 758687
|
| 245 |
1 |
0 |
|a Paragon CD-ROM Emulator 3 Personal Edition
|b vytvorenie virtuálnej mechaniky
|c Michal Reiter
|
| 300 |
|
|
|b Obr.
|
| 630 |
0 |
7 |
|a Paragon CD-ROM Emulator 3 Personal Edition
|2 snkbucl
|9 1468909
|
| 650 |
0 |
7 |
|a virtuálne mechaniky
|2 snkbucl
|9 1468910
|
| 650 |
0 |
7 |
|a aplikačný softvér
|2 snkbucl
|9 3704
|
| 773 |
0 |
|
|t PC revue
|g Roč. XIV, č. 12 (2006), s. 140
|x 1335-0226
|
| 850 |
|
|
|a Slovenská národná knižnica
|
| 852 |
|
|
|a Slovenská národná knižnica
|
| 954 |
|
|
|a odborná, vedecká literatúra pôvodná (slovenská)
|2 lita
|
| 958 |
|
|
|a article27
|
| 958 |
|
|
|a OND
|
| 958 |
|
|
|a EUIPO
|
| 999 |
|
|
|c 2936498
|d 2938428
|